Introduction to mass cmmunication : (Record no. 276179)
[ view plain ]
| 000 -LEADER | |
|---|---|
| fixed length control field | 00370nam a2200133 a 4500 |
| 005 - DATE AND TIME OF LATEST TRANSACTION | |
| control field | 20141022141959.0 |
| 008 - FIXED-LENGTH DATA ELEMENTS--GENERAL INFORMATION | |
| fixed length control field | 120229s19uu xx 00 eng d |
| 050 ## - LIBRARY OF CONGRESS CALL NUMBER | |
| Classification number | CD-ROM |
| Item number | B23 2004 |
| 100 ## - MAIN ENTRY--PERSONAL NAME | |
| Personal name | Baran, Stanley |
| 245 ## - TITLE STATEMENT | |
| Title | Introduction to mass cmmunication : |
| Remainder of title | media literacy and culture / |
| Statement of responsibility, etc | Stanley J. Baran. |
| 250 ## - EDITION STATEMENT | |
| Edition statement | 3rd ed. |
| 260 ## - PUBLICATION, DISTRIBUTION, ETC. (IMPRINT) | |
| Date of publication, distribution, etc | 2004. |
| 942 ## - ADDED ENTRY ELEMENTS (KOHA) | |
| Koha item type | Audio Visual Materials |
| Withdrawn status | Lost status | Damaged status | Home library | Current library | Shelving location | Date acquired | Total Checkouts | Full call number | Barcode | Date last seen | Price effective from | Koha item type |
|---|---|---|---|---|---|---|---|---|---|---|---|---|
| College Library | College Library | Audio Visual Material Section | 02/29/2012 | CD-ROM B23 2004 | MC0016 | 04/12/2014 | 04/12/2014 | Audio Visual Materials | ||||
| College Library | College Library | Audio Visual Material Section | 02/29/2012 | CD-ROM B23 2004 | MC0017 | 04/12/2014 | 04/12/2014 | Audio Visual Materials | ||||
| College Library | College Library | Audio Visual Material Section | 02/29/2012 | CD-ROM B23 2004 | MC0018 | 04/12/2014 | 04/12/2014 | Audio Visual Materials | ||||
| College Library | College Library | Audio Visual Material Section | 02/29/2012 | CD-ROM B23 2004 | MC0019 | 04/12/2014 | 04/12/2014 | Audio Visual Materials |